Číslicová filtrácia obrazových signálov

Bibliographic Details
Main Authors: Moucha, Václav, 1954- (Author), Marchevský, Stanislav, 1952- (Author), Lukáč, Rastislav (Author), Stupák, Csaba (Author)
Format: Book
Language:Slovak
PhysicalDescription:369 s. fotogr., sch., tab. 24 cm
Published: Košice Vojenská letecká akadémia gen. M.R. Štefánika 2000
ISBN:8071660361
Subjects:

MARC

LEADER 00000cam a2200000 a 4500
001 vtls001417761
003 SK-MaSNL
005 20260301012708.0
008 240226s2000 xo oa frp 101 0 slo
015 |a SNBA2001/12-04206 
020 |a 8071660361 
035 |a SNK000372548 
035 |a urn:nbn:sk:snk-amk2yv 
035 |a urn:nbn:sk:snk-am00856h 
035 |a 0CED3135-2ADA-4273-8486-FBB6172F17E6 
040 |a SNK  |b slo  |c SNK  |e AACR2 
041 0 |a slo 
044 |a xo  |c SK 
080 |a 681.3(075.8)  |2 1981 
245 0 0 |a Číslicová filtrácia obrazových signálov  |c Václav Moucha ... [et al.] 
260 |a Košice  |b Vojenská letecká akadémia gen. M.R. Štefánika  |c 2000 
300 |a 369 s.  |b fotogr., sch., tab.  |c 24 cm 
500 |a 200 výt. 
504 |a Bibliogr. s.331-352. Reg. Zoz. použ. skrat. a symbolov 
650 0 7 |a obrazové signály  |2 SNKPH  |9 298147 
650 0 7 |a digitálne filtre  |2 SNKPH  |9 78443 
655 7 |a učebnice vysokých škôl  |2 SNKPH  |9 70191 
700 1 |a Moucha, Václav,  |d 1954-  |4 aut  |9 224422 
700 1 |a Marchevský, Stanislav,  |d 1952-  |4 aut  |9 8153 
700 1 |a Lukáč, Rastislav  |4 aut  |9 298148 
700 1 |a Stupák, Csaba  |4 aut  |9 298149 
919 |a 80-7166-036-1 
958 |a OND 
958 |a TL 
958 |a NB 
958 |a UV 
999 |c 554167  |d 556097 
952 |t P60, <09>, [BOOK], {629}  |a SNK  |b SNK  |y NEVYP  |7 0  |o snkC 420  |i snk714/20010806  |0 0  |1 0  |4 0  |d 2001-08-02  |l 0  |r 2005-01-02 00:00:00  |w 2026-02-23 
952 |t P60, <03>, [BOOK], {603}  |a SNK  |b SNK  |y PREZ  |7 0  |p 17A0310040  |o snkSC 105563  |i snkKSP 9063/2001  |0 0  |1 0  |4 0  |d 2001-08-02  |f 1  |l 0  |r 2025-09-26 00:00:00  |w 2026-02-23 
952 |t P60, <04>, [BOOK], {604}  |a SNK  |b SNK  |y VYP  |7 0  |p 17A0310041  |o snkSC 105563 D1  |i snkKSP 9064/2001  |0 0  |1 0  |4 0  |d 2001-08-02  |l 0  |r 2005-01-02 00:00:00  |w 2026-02-23